Squeez out - teoretické vymedzenie a praktická aplikácia v Slovenskej republike

Podstata squeez out. Squeez out vo svete. Princípy pre stanovenie odškodnenia minoritných akcionárov v Nemecku. Česká prax. Squeez out v Slovenskej republike. Squeez out a jeho využitie na Slovensku.

Gespeichert in:
Bibliographische Detailangaben
1. Verfasser: Jakubec, Miroslav
Weitere Verfasser: Kardoš, Peter
Format: Buchkapitel
Sprache:Slowakisch
Schlagworte:
Tags: Tag hinzufügen
Keine Tags, Fügen Sie das erste Tag hinzu!

MARC

LEADER 00000nla$a2200000$$$4500
001 0076223
005 20240502071907.0
041 0 |a slo 
044 |a SK 
245 1 0 |a Squeez out - teoretické vymedzenie a praktická aplikácia v Slovenskej republike  |c Miroslav Jakubec, Peter Kardoš 
520 |a Podstata squeez out. Squeez out vo svete. Princípy pre stanovenie odškodnenia minoritných akcionárov v Nemecku. Česká prax. Squeez out v Slovenskej republike. Squeez out a jeho využitie na Slovensku. 
610 2 0 |a spoločnosti akciové 
610 2 0 |a akcionári 
610 2 0 |a oceňovanie 
610 2 0 |a posudky znalecké 
610 2 0 |a hodnota podniku 
610 2 0 |a odškodnenie 
100 1 |a Jakubec, Miroslav 
700 1 |a Kardoš, Peter